Normal view
MARC view
Entry Geographic Name
001 - CONTROL NUMBER
- control field: 6836
003 - CONTROL NUMBER IDENTIFIER
- control field: BD-RjUL
005 - DATE AND TIME OF LATEST TRANSACTION
- control field: 20230205141502.0
008 - FIXED-LENGTH DATA ELEMENTS
- fixed length control field: 230205|| aca||aabn | a|a d
040 ## - CATALOGING SOURCE
- Original cataloging agency: BD-RjUL
- Transcribing agency: BD-RjUL
151 ## - HEADING--GEOGRAPHIC NAME
- Geographic name: বাংলাদেশ
- General subdivision: ইতিহাস
- General subdivision: মুক্তিযুদ্ধ
670 ## - SOURCE DATA FOUND
- Source citation: Work cat.: (BD-RjUL)81165: সূতার, সুভাষ চন্দ্র 6822, বাংলাদেশের সংবাদপত্রের বিজ্ঞাপনচিত্র্রে মুক্তিযুদ্ধ প্রসঙ্গ :, ২০২১